000 00595nam a2200217Ii 4500
003 JO-AjNU
008 230606s9999||||xx |||||||||||||| ||und||
020 _a978-1-29202-734-0
040 _aJO-AjNU
_beng
_erda
_cJO-AjNU
041 _aeng
050 1 4 _aQA76154.2.T634.2014
100 3 _acrawford,Blair,Slater,Tobey,
_eauthor
_94569
245 0 0 _aIntermediate Algebra
250 _a7 ed
264 3 1 _aPearson,2014
300 _a690p
336 _atext
_btxt
_2rdacontent
337 _aunmediated
_bn
_2rdamedia
338 _avolume
_bnc
_2rdacarrier
650 4 _aIntermediate Algebra
_94570
999 _aE2370
_c2368
_d2368